Normal view
MARC view
- Sponsoring Ds: Dr. Umar Shahbaz Khan Dr. Tahir Jameel (Nescom) Lec. Sereen Atif
Entry Corporate Name
001 - CONTROL NUMBER
- control field: 86425
003 - CONTROL NUMBER IDENTIFIER
- control field: NUST
005 - DATE AND TIME OF LATEST TRANSACTION
- control field: 20211210151844.0
008 - FIXED-LENGTH DATA ELEMENTS
- fixed length control field: 211210|| aca||aabn | a|a d
040 ## - CATALOGING SOURCE
- Original cataloging agency: NUST
- Transcribing agency: NUST
110 ## - HEADING--CORPORATE NAME
- Corporate name or jurisdiction name as entry element: Sponsoring Ds: Dr. Umar Shahbaz Khan Dr. Tahir Jameel (Nescom) Lec. Sereen Atif
670 ## - SOURCE DATA FOUND
- Source citation: Work cat.: (NUST): Asfand Kamran Noman Bashir Ruqaiya Attaullah Usama Safdar 86424, PR-SOF-1979-Formal Verification and Simulation of Obstacle Avoidance on Nao Robot, 2020.
